| 000 | 01291cam a2200265 4500 | ||
|---|---|---|---|
| 001 | ##E130642 | ||
| 002 | ##9113 | ||
| 008 | 050822n2006 000 0 eng u | ||
| 020 | _a184219240X | ||
| 035 | _a(Sirsi) u130642 | ||
| 041 | 0 | _aeng | |
| 050 | 0 | 4 | _a346.410434 $2 18 |
| 100 | 1 | _aHunter, Jason | |
| 245 | 0 | 0 |
_aCase in point _bdilapidations |
| 260 |
_aLondon _bRICS _c2006 |
||
| 300 |
_axxvi,182p. _c21cm. |
||
| 350 | _a24.95 | ||
| 490 | 0 | _aRICS Case in Point Series | |
| 505 | 2 | _aThe tenancy -- Frequently encountered covenants and lease provisions -- Limitations on dilapidations covenants and claims -- Have covenants been broken? -- The work required and its extent -- Remedies | |
| 520 | _aAims to keep surveyors up to date with the latest case law on dilapidations. Orders case summaries by points of surveying practice, to assist the reader in understanding the law of dilapidations. Focusing on both commercial and residential cases, this guide aims to aid the resolution of landlord and tenant dilapidation claims. Tables of legislation and cases. | ||
| 590 | _aIKA170106 | ||
| 650 | 2 | 4 | _aPROPERTY LITIGATION ASSOCIATION PROTOCOL FOR TERMINAL DILAPIDATIONS CLAIMS FOR DAMAGES |
| 690 | _aPROPERTY-LEASEHOLD PROPERTY-LANDLORD AND TENANT-DILAPIDATIONS | ||
| 942 | _n0 | ||
| 999 |
_c104499 _d104499 |
||